Bioinformatics : (Record no. 785)

MARC details
000 -LEADER
fixed length control field 00857nac a22002411u 4500
008 - FIXED-LENGTH DATA ELEMENTS--GENERAL INFORMATION
fixed length control field 100906s200 ii |||||ril 001 0 eng d
020 ## - INTERNATIONAL STANDARD BOOK NUMBER
International Standard Book Number 8123908857
082 ## - DEWEY DECIMAL CLASSIFICATION NUMBER
Classification number 570.285
Item number RAS
Edition number 22
100 ## - MAIN ENTRY--PERSONAL NAME
Personal name Rastogi, S.C.
9 (RLIN) 18393
245 ## - TITLE STATEMENT
Title Bioinformatics :
Remainder of title Concepts, Skills and Applications /
Statement of responsibility, etc S.C. Rastogi, Namita Mendiratta.
260 ## -
-- New Delhi :
-- CBS Publishers and Distributors,
-- 2004.
300 ## - PHYSICAL DESCRIPTION
Extent 352 p. :
Other physical details ill. ;
Dimensions 24 cm.
336 ## - CONTENT TYPE
Source rdacontent
Content type term text
Content type code txt
337 ## - MEDIA TYPE
Media type term unmediated
Source rdamedia
Media type code n
338 ## - CARRIER TYPE
Carrier type term volume
Carrier type code nc
Source rdacarrier
500 ## - GENERAL NOTE
General note Includes index.
650 ## - SUBJECT ADDED ENTRY--TOPICAL TERM
Topical term or geographic name as entry element Life sciences
General subdivision Data processing
9 (RLIN) 18394
650 ## - SUBJECT ADDED ENTRY--TOPICAL TERM
Topical term or geographic name as entry element Genomes
General subdivision Data processing
9 (RLIN) 18395
650 ## - SUBJECT ADDED ENTRY--TOPICAL TERM
Topical term or geographic name as entry element Computational Biology.
9 (RLIN) 18396
650 ## - SUBJECT ADDED ENTRY--TOPICAL TERM
Topical term or geographic name as entry element Genome.
9 (RLIN) 18397
700 ## - ADDED ENTRY--PERSONAL NAME
Personal name Mendiratta, Namita.
9 (RLIN) 18398
942 ## - ADDED ENTRY ELEMENTS (KOHA)
Koha item type Book - Borrowing
Call number prefix 570.285 RAS
Source of classification or shelving scheme Dewey Decimal Classification
Classification part RDA-MOD
Holdings
Withdrawn status Lost status Source of classification or shelving scheme Damaged status Not for loan Collection code Home library Current library Shelving location Date acquired Source of acquisition Cost, normal purchase price Total Checkouts Total Renewals Full call number Barcode Date last seen Date checked out Cost, replacement price Price effective from Koha item type
    Dewey Decimal Classification       Central Library Central Library First floor 27/07/2006   96.00 4 20 570.285 RAS 000003797 28/03/2026 23/10/2024 120.00 27/07/2006 Book - Borrowing